000 00539nam a2200193Ia 4500
005 20250326144936.0
008 250326s9999 xx 000 0 und d
020 _a0-03-031932-3
037 _aTextbook
040 _aFMSL
_beng
_cFMSL
041 _aeng
_2eng
084 _aX:9 P2
_qFMSL
100 _aDesimone R L
_9371363
245 0 _aHuman resource management
_cDesimone R L And Others
260 _aUnited Kingdom
_bUnited Kingdom, Thomson
_c2002
300 _a709p
942 _cTB
_hX:9 P2
999 _c1305721
_d1305721